000
00400nam a22001217a 4500
040
_c
rua
082
_a
STA MEN 2014 C337 Or.
100
_a
ម៉ែន សារុម
245
_a
Fundamental Statistics , មូលដ្ឋានគ្រិះនៃស្ថិតិវិទ្យា
260
_a
phnom penh
_b
rua
_c
2014
300
_a
xxii.325p.
_b
ill.
_c
29cm,
942
_c
សៀវភៅគោល
999
_c
22518
_d
22518